000 00683nam a2200229 i 4500
003 DO-SdBNP
005 20230919090432.0
006 a||||br|||| 00| 0
007 ta
008 230911n190? sp a|||| |||| 00| m spa d
040 _aDO-SdBNP
_bspa
_cBNPHU
_erda
082 4 _222
_bV971m
245 1 0 _aMiguel:
_blibro de lectura. quinto año. /
_cRondon U. Votaw L. Miguel
264 _aSanto Domingo :
_bLibrería Mella,
_c[190?]
300 _a144 páginas :
_bIlustraciones ;
_c21 cm.
336 _2rdacontent
_atexo
_btxt
337 _2rdamedia
_asin mediación
_bn
338 _2rdacarrier
_avolumen
_bnc
490 _aCoquito
590 _aInventariado 2023 / MF
942 _2ddc
_cLBS1
999 _c54693
_d54693